000 00341nam a2200145Ia 4500
008 230718s9999 xx 000 0 und d
041 _aEng.
082 _a340
_bSOU-P
100 _aSoued, Malik. m (ed)
245 0 _aP. L.D (1996)
260 _aPakistan
_bAll Palastan legal decision
_c1995
300 _a92
650 _aLaw
999 _c27083
_d27083